000 00592nam a2200181Ia 4500
008 140527s9999 xx 000 0 und d
020 _a9780205792740
050 _aHV 40
_b.L47 2011
100 _aLesser, Joan Granucci
245 _aHuman behavior and the social environment :
_btheory and practice /
_cJoan Granucci Lesser, Donna Saia Pope.
250 _a2nd ed.
260 _aBoston :
_bPearson Allyn & Bacon,
_cc2007.
300 _a536 p. :
_bill. ;
_c24 cm.
500 _aIncludes bibliographical references and index.
521 _aBSBA
942 _kFOR
_cBK
999 _c117543
_d117543